000
00330nam a2200133Ia 4500
005
20251222141825.0
008
251222s9999||||xx |||||||||||||| ||spa||
082
_a
930.109.8/V66
100
_a
Villar Córdova, Pedro E.
245
0
_a
Arqueología del Departamento de Lima
250
_a
1ra.ed.
264
_b
Acuspana
942
_c
LIB
999
_c
6946
_d
6946